| 000 | 00547cam a22002171 4500 | ||
|---|---|---|---|
| 001 | ne 64002293 | ||
| 003 | DLC | ||
| 005 | 20260227111804.0 | ||
| 008 | 890414s1964 xx 000 0 ara | ||
| 010 | _ane 64002293 | ||
| 035 | _a(OCoLC)23484929 | ||
| 040 |
_aDLC _cMiU _dDLC |
||
| 042 | _apremarc | ||
| 050 | 0 | 0 |
_aH62 _b.K45 |
| 100 | 1 | _aKhalīfah, Aḥmad Muḥammad | |
| 245 | 1 | 3 | _aal-Manhaj al-ʻilmī wa-al-ishtirākīyah. |
| 260 | _c[1964] | ||
| 300 |
_a154 p. _c24 cm. |
||
| 500 | _aRomanized. | ||
| 650 | 0 |
_aSocial sciences _xResearch |
|
| 999 |
_c47393 _d47393 |
||